Top 80 Athletes of 2025 - Statistics

General Stats
  • This quiz has been taken 8 times
  • The average score is 21 of 80
Answer Stats
Sport Athlete % Correct
F1 Charles Leclerc
86%
Soccer Cristiano Ronaldo
86%
Soccer Kylian Mbappe
86%
F1 Lewis Hamilton
86%
Soccer Lionel Messi
86%
F1 Max Verstappen
86%
Basketball LeBron James
71%
Tennis Novak Djokovic
71%
Basketball Stephen Curry
71%
Tennis Carlos Alcaraz
57%
Soccer Erling Haaland
57%
Basketball Luka Doncic
57%
Basketball Anthony Edwards
43%
Hockey Connor McDavid
43%
Basketball Jayson Tatum
43%
Soccer Neymar
43%
Basketball Nikola Jokic
43%
Golf Scottie Scheffler
43%
Basketball Shai Gilgeous-Alexander
43%
Boxing Anthony Joshua
29%
Golf Bryson DeChambeau
29%
Football Caleb Williams
29%
Boxing Canelo Alvarez
29%
Tennis Daniil Medvedev
29%
F1 George Russell
29%
Basketball Giannis Antetokounmpo
29%
Basketball James Harden
29%
Football Joe Burrow
29%
Football Josh Allen
29%
Soccer Julian Alvarez
29%
Football Justin Jefferson
29%
Basketball Kevin Durant
29%
Football Lamar Jackson
29%
Golf Lydia Ko
29%
Baseball Mike Trout
29%
Soccer Mohamed Salah
29%
Hockey Nathan MacKinnon
29%
Football Patrick Mahomes
29%
Baseball Shohei Ohtani
29%
Tennis Venus Williams
29%
Basketball Victor Wembanyama
29%
Baseball Yordan Alvarez
29%
Baseball Aaron Judge
14%
Hockey Auston Matthews
14%
Tennis Casper Ruud
14%
Football Derrick Henry
14%
Baseball Freddie Freeman
14%
Basketball Jalen Brunson
14%
Basketball Ja Morant
14%
Basketball Joel Embiid
14%
Soccer Karim Benzema
14%
Soccer Kevin De Bruyne
14%
Baseball Max Scherzer
14%
Golf Minjee Lee
14%
Hockey Mitchell Marner
14%
Soccer Robert Lewandowski
14%
Hockey Sidney Crosby
14%
Football Tyreek Hill
14%
Cricket Virat Kohli
14%
Football Brock Purdy
0%
Basketball Caitlin Clark
0%
MMA Charles Oliveira
0%
Soccer Christian Pulisic
0%
Football Cooper Kupp
0%
MMA Francis Ngannou
0%
Tennis Iga Swiatek
0%
Cycling Jonas Vingegaard
0%
Football Jonathan Taylor
0%
Baseball Juan Soto
0%
Baseball Justin Verlander
0%
Swimmer Katie Ledecky
0%
Basketball Kawhi Leonard
0%
Baseball Mookie Betts
0%
Tennis Naomi Osaka
0%
Golf Nelly Korda
0%
Soccer N'Golo Kante
0%
Golf Rory Mcllroy
0%
Soccer Samantha Kerr
0%
Football TJ Watt
0%
Baseball Vladimir Guerrero Jr.
0%
No matching quizzes found
Score Distribution
Percent of People with Each Score
Percentile by Number Answered
Your Score History
You have not taken this quiz